000 00716cam a2200229 a 4500
001 000014861
005 20200929163918.0
008 720831s1954 nyua 001 0 eng d
040 _aDO-SdBNP
_cODaWU
_dOCoLC
_dDLC
_dBNPHU
042 _apremarc
043 _an-us-ny
082 _a301.0946
_bP961s
100 1 _aPritchett, V. S.,
_q(Victor Sawdon)
_d1900-1997.
_933671
245 1 4 _aThe Spanish temper /
_cV. S. Pritchett.
260 _aNew York, :
_bHarper & Row,
_c1954.
300 _a[270], vii p. :
_billus., maps ;
_c21 cm.
500 _aIncludes index
650 4 _aSociología
_zEspaña
_933672
651 4 _aEspaña
_xCaracterísticas Nacionales
_914233
910 _aCatalogación derivada
049 _aBNGR
999 _c14441
_d14441